The modern Japanese print; an appreciation
1962 This book appeared as a limited edition of 475 copies in imperial folio size. the paper was the finest of handmade Japanese vellum, the binding, three colors of pure, fine weave hemp cloth. It is a book which the author takes considerable pride, for it is more than a book, it is a work of art.
Shranjeno v:
| Glavni avtor: | |
|---|---|
| Format: | Knjiga |
| Jezik: | Undetermined |
| Izdano: |
Japan
Charles E. Tuttle Company
1968
|
| Teme: | |
| Oznake: |
Označite
Brez oznak, prvi označite!
|
| Thư viện lưu trữ: | Trung tâm Học liệu Trường Đại học Cần Thơ |
|---|
| LEADER | 00887nam a2200193Ia 4500 | ||
|---|---|---|---|
| 001 | CTU_107671 | ||
| 008 | 210402s9999 xx 000 0 und d | ||
| 082 | |a 769 | ||
| 082 | |b M623 | ||
| 100 | |a Michener, James A. | ||
| 245 | 4 | |a The modern Japanese print; an appreciation | |
| 245 | 0 | |c James A. Michener; With ten prints by Hiratsuka Unʾichi [and othersJames A. Michener | |
| 260 | |a Japan | ||
| 260 | |b Charles E. Tuttle Company | ||
| 260 | |c 1968 | ||
| 520 | |a 1962 This book appeared as a limited edition of 475 copies in imperial folio size. the paper was the finest of handmade Japanese vellum, the binding, three colors of pure, fine weave hemp cloth. It is a book which the author takes considerable pride, for it is more than a book, it is a work of art. | ||
| 650 | |a Color prints, Japanese | ||
| 904 | |i M.Loan | ||
| 980 | |a Trung tâm Học liệu Trường Đại học Cần Thơ | ||